• 首页
  • 本馆介绍
  • 公告通知
  • 最新文献
  • 馆藏检索
  • 电子资源
  • 读者导购
  • 参考咨询
  • 我的图书馆
  • 登录
  • 详细信息显示
  • 放入我的书架
  • 预约/预借图书
  • 作者相关作品
  • 分类相关作品
  • 丛书相关作品
  • 出版社相关作品

书目信息

  • 表格格式
  • 工作单格式
  • 卡片格式
题名:
电脑管理图书馆学
    
 
作者: 王晓平 主编
分册:  
出版信息: 北京   书目文献出版社  1998
页数: 188页
开本: 19cm
丛书名:
单 册:
中图分类: G250.7
科图分类:
主题词: 图书馆事业 , 计算机应用--图书馆工作
电子资源:
ISBN: 7-5013-1479-9
000 00564nam0 2200193 45
001 0204160860
005 20070725110411.76
010    @a7-5013-1479-9@dCNY9.70
100    @a20020416d1998 km y0chiy0120 ea
101 0  @achi
200 1  @a电脑管理图书馆学@ADian Nao Guan Li Tu Shu Guan Xue@f王晓平主编@FWang Xiao Ping Zhu Bian
210    @a北京@c书目文献出版社@d1998
215    @a188页@d19cm
606 0  @a图书馆事业
606 0  @a计算机应用@x图书馆工作
690    @aG250.7@v4
701  0 @a王晓平@4主编
801    @aCN@bTSTC@c20070725
905    @b308210-212@dG250.7@e77@f3
    
    电脑管理图书馆学/王晓平主编.-北京:书目文献出版社,1998
    188页;19cm
    
    
    ISBN 7-5013-1479-9:CNY9.70
    
●
相关链接 在E读中查询图书 在五车中查询图书 在当当中查询图书 在豆瓣中查询图书


正题名:电脑管理图书馆学     索取号:G250.7/77         预约/预借

序号 登录号 条形码 馆藏地/架位号 状态 备注
1 0308210   203082109   密集书库/ [索取号:G250.7/77] 在馆    
2 0308211   203082118   密集书库/ [索取号:G250.7/77] 在馆    
3 0308212   203082127   第一样本阅览室/ [索取号:G250.7/77] 在馆    
4 0784705   207847053   密集书库/ [索取号:G250.7/77] 在馆    
5 0784706   207847062   密集书库/ [索取号:G250.7/77] 在馆    
6 0785033   207850333   密集书库/ [索取号:G250.7/77] 在馆    
唐山师范学院图书馆 欢迎您!
大连网信软件有限公司© 版权所有